Gospodarka zywnosciowa

Enregistré dans:
Détails bibliographiques
Format: Livre
Langue:polonais
Publié: Wroclaw Akademia Ekon. im. Oskara Langego 1984
Édition:1. wyd.
Collection:Prace naukowe Nr. 269
Tags: Ajouter un tag
Pas de tags, Soyez le premier à ajouter un tag!

MARC

LEADER 00000nam a2200000 4500
001 c106696
005 20221220085022.7
041 0 |a pol 
044 |a PL 
245 1 0 |a Gospodarka zywnosciowa 
250 |a 1. wyd. 
264 1 |a Wroclaw  |b Akademia Ekon. im. Oskara Langego  |c 1984 
300 |a 126 s. 
490 1 |a Prace naukowe  |v Nr. 269 
830 0 |a Prace naukowe  |v Nr. 269